Il ritiro sociale negli adolescenti. (Record n. 358457)

Dettagli MARC
000 -LEADER
campo di controllo lung. fissa 01877nam a22002177a 4500
003 - Identificatore del numero di controllo
campo di controllo IT-MiCISF
005 - Data e orario dell'ultima transazione
campo di controllo 20240317152109.0
008 - Elementi di lunghezza fissa--Informazione generale
campo di controllo lung. fissa 190731b ||||| |||| 00| 0 eng d
040 ## - Fonte della catalogazione
Agenzia che fa la trascrizione IT-MiCISF
041 ## - Codice di lingua
Codice di lingua del testo/traccia sonora o titolo separato it
100 ## - Accesso principale -- nome di persona
Nome di persona Lancini Matteo (a cura di)
9 (RLIN) 57988
245 ## - Formulazione del titolo
Titolo Il ritiro sociale negli adolescenti.
Complemento del titolo La solitudine di una generazione iperconnessa
260 ## - Pubblicazione, distribuzione, ecc. (stampa)
Luogo di pubblicazione, distribuzione, ecc. Milano,
Nome dell'editore, distributore, ecc. Raffaello Cortina,
Data di pubblicazione, distribuzione, ecc. 2019
300 ## - Descrizione fisica
Estensione pp. 334
500 ## - Nota generale
Nota generale adolescenza, nuovi-media, disadattamento, educazione, dipendenza-patologica, gioco-d'azzardo, educazione-genitori
520 ## - Riassunto, ecc.
Nota di riassunto, ecc. Il libro traccia il profilo di una generazione cresciuta “nella rete”, inducendo gli adulti a interrogarsi su come distinguere un uso adattivo dei social e dei videogiochi da un sintomo di malessere o dipendenza. Cyberbullismo, sexting, gioco d’azzardo e, in modo particolare, il ritiro sociale sono alcuni dei comportamenti affrontati in questo testo, ricco di indicazioni sui motivi della loro diffusione e sulle modalità di intervento. La rivoluzione digitale ha creato ambienti espressivi nei quali gli adolescenti non solo sperimentano nuove possibilità di realizzazione ma si rifugiano in occasione di gravi crisi evolutive, in una forma di autoricovero che esprime sia il dolore sia un tentativo di risolverlo, come avviene nel ritiro sociale, la più significativa manifestazione del disagio giovanile odierno. A partire dall’esperienza maturata negli ultimi quindici anni, gli autori inquadrano la psicodinamica del ritiro sociale e presentano gli orientamenti clinici che guidano la presa in carico dell’adolescente in una prospettiva evolutiva.
650 ## - Accesso aggiunto di soggetto--termine topico
Termine topico o nome geografico come accesso età-evolutiva
9 (RLIN) 56123
654 ## - Accesso aggiunto di soggetto--termini topici faccettati
Termine principale saggio
700 ## - Accesso aggiunto--nome di persona
Nome di persona Zanella T.
Date associate al nome Cozzi E., Rossi Galante M., Buday E., Cirillo L., Scodeggio T., Conserva S., Calandra R., Giorgio C., Andorno F.
9 (RLIN) 57989
942 ## - Dati aggiuntivi (Koha)
Fonte della classificazione o dello schema di collocazione (segnatura) Dewey Decimal Classification
Tipo copia default (Koha) LIBRO
Dati di copia
Ritirato (status) Perso (status) Fonte della classificazione o dello schema di collocazione (segnatura) Danneggiato (status) Non per il presito Biblioteca proprietaria Biblioteca in cui si trova Data d'acquisizione Totale prestiti Collocazione Codice a barre Data ultima operazione Prezzo in vigore dal Tipo copia default (Koha)
    Dewey Decimal Classification Buone Condizioni Not For Loan CISF - Milano CISF - Milano 31/07/2019   b7551 9788832850802 31/07/2019 31/07/2019 LIBRO
CREDITS: SOCIETA' SAN PAOLO Via A.Severo, 58 - ROMA (RM) & PERIODICI SAN PAOLO SRL Via Giotto, 36 MILANO & CISF Via Giotto, 36 MILANO & EDIZIONI SAN PAOLO SRL,  Piazza Soncino, 5 CINISELLO BALSAMO (MI) -- ITALY